| 000 | 00648nam a2200133Ia 4500 | ||
|---|---|---|---|
| 008 | 171212s9999 xx 000 0 und d | ||
| 020 | _a9780874214024 | ||
| 100 | _aKreitzer, Matthew | ||
| 245 |
_cKreitzer, Matthew _aWashakie Letters Of Willie Ottogary |
||
| 260 |
_bUniversity Press of Colorado _c2000 |
||
| 650 | _aHistory | ||
| 650 | _aOttogary, Willie -- Correspondence; Shoshoni Indians -- Utah -- Washakie Indian Reservation -- Biography; Indian journalists -- Utah -- Washakie Indian Reservation -- Biography; Shoshoni Indians -- Utah -- Washakie Indian Reservation -- Social conditions; | ||
| 856 | _uhttp://www.jstor.org/stable/j.ctt4cgkbq | ||
| 999 |
_c353188 _d353188 |
||